| Tag |
First Indicator |
Second Indicator |
Subfields |
| LEADER |
00000cam a2200000 4500 |
| 001 |
in00000068849 |
| 005 |
20151008050844.0 |
| 008 |
721012s1950 inu b 00000 eng u |
| 010 |
|
|
|a 50008618
|
| 035 |
|
|
|a (OCoLC)00427254
|
| 035 |
|
|
|9 AAG3832AM
|
| 040 |
|
|
|c CSU
|d TXA
|d UtOrBLW
|
| 049 |
|
|
|a TXAM
|c [181596]
|
| 050 |
|
0 |
|a HD9515
|b .H35
|
| 092 |
|
|
|a 338.273
|b H361c
|
| 100 |
1 |
|
|a Hatcher, Harlan,
|d 1898-1998.
|
| 245 |
1 |
2 |
|a A century of iron and men.
|
| 250 |
|
|
|a [1st ed.].
|
| 264 |
|
1 |
|a Indianapolis :
|b Bobbs-Merrill,
|c [1950]
|
| 300 |
|
|
|a 295p :
|b illustrations,portraits,map(on lining papers) ;
|c 23cm.
|
| 336 |
|
|
|a text
|b txt
|2 rdacontent
|
| 337 |
|
|
|a unmediated
|b n
|2 rdamedia
|
| 338 |
|
|
|a volume
|b nc
|2 rdacarrier
|
| 504 |
|
|
|a "Acknowledgments and bibliographical note": pages [291]-295.
|
| 650 |
|
0 |
|a Iron mines and mining
|z United States.
|
| 999 |
|
|
|a MARS
|
| 999 |
f |
f |
|s 1b627397-46cb-346e-b67c-39e41e564b4f
|i 8b65a5d1-0b97-3845-916c-8125dbf0bc52
|t 0
|
| 952 |
f |
f |
|p ric
|a Texas A&M University
|b Rellis Campus
|c Joint Library Facility
|d Remote Storage
|t 0
|e HD9515 .H35
|h Library of Congress classification
|i unmediated -- volume
|m A14800763948
|
| 998 |
f |
f |
|a HD9515 .H35
|t 0
|l Remote Storage
|